Music Quiz

Random Music or Song Quiz

Song Title Questions Quiz Stats

 Plays Quiz Updated Feb 15, 2019

Support Sporcle.
Go Orange.
Score 0/30 Timer 12:00
1 Play Today
Artist Song Title % Correct
Baha MenWho Let the Dogs Out?
62%
JetAre You Gonna Be My Girl
52.5%
The WhoWho Are You?
42.3%
Culture ClubDo You Really Want to Hurt Me?
40%
Blink-182What's My Age Again?
36.8%
Tina TurnerWhat's Love Got to Do with It?
36%
Creedence Clearwater RevivalHave You Ever Seen the Rain?
33.2%
HaddawayWhat Is Love?
32%
Band AidDo They Know It's Christmas?
31.9%
Marvin GayeWhat's Going On?
29.8%
The ClashShould I Stay or Should I Go?
29.6%
Rod StewartDa Ya Think I'm Sexy?
29.6%
Lenny KravitzAre You Gonna Go My Way?
27.9%
The Human LeagueDon't You Want Me?
27.7%
Frankie Lymon & The TeenagersWhy Do Fools Fall in Love?
20.4%
Artist Song Title % Correct
Jimi HendrixAre You Experienced?
19.7%
Elvis PresleyAre You Lonesome Tonight?
19.1%
Elton JohnCan You Feel the Love Tonight?
17.8%
Men at WorkWho Can It Be Now?
16.9%
R.E.M.What's the Frequency, Kenneth?
16.5%
LeAnn RimesHow Do I Live?
16.2%
The ContoursDo You Love Me?
15.8%
Joe JacksonIs She Really Going Out With Him
15.4%
The Lovin' SpoonfulDo You Believe in Magic?
14.4%
Bob Marley & The WailersIs This Love?
14%
Dionne WarwickDo You Know the Way to San José
12.5%
Whitney HoustonHow Will I Know?
12.4%
WarWhy Can't We Be Friends?
10.1%
The SupremesWhere Did Our Love Go?
9.3%
Gwen StefaniWhat You Waiting For?
9%

From the Vault

You Think You Know The Office (US)?

by enough

The Office had a good run (mostly) and tonight is the series finale!
Remove Ads.
Support Sporcle.
Get the best of Sporcle when you Go Orange. This ad-free experience offers more features, more stats, and more fun while also helping to support Sporcle. Thank you for becoming a member.

Show Comments

Extras

Top Quizzes Today


Score Distribution

Your Account Isn't Verified!

In order to create a playlist on Sporcle, you need to verify the email address you used during registration. Go to your Sporcle Settings to finish the process.

Report this User

Report this user for behavior that violates our Community Guidelines.

Details: